[Event "Vienna op"]
[Site "Vienna"]
[Date "1990.??.??"]
[Round "7"]
[White "Fauland, Alexander"]
[Black "Burgess, Graham"]
[Result "1/2-1/2"]
[WhiteElo "2455"]
[BlackElo "2335"]

1.d4 Nf6 2.c4 g6 3.Nc3 Bg7 4.e4 d6 5.Nf3 O-O 6.Be2 e5 7.Be3 exd4 8.Nxd4 Re8
9.f3 c6 10.Bf2 d5 11.exd5 cxd5 12.O-O Nc6 13.Nxc6 bxc6 14.Bd4 Ba6 15.Qa4 c5
16.Bxc5 Nd7 17.Bf2 Bxc4 18.Bxc4 Nb6 19.Qa6 Nxc4 20.Rad1 Bxc3 21.bxc3 Ne3
22.Bxe3 Rxe3 23.c4 d4 24.Qb7 Re2 25.Rf2 Rxf2 26.Kxf2 Qh4+ 27.Kf1 Re8 28.Qd7 Rd8
29.Qxa7 d3 30.Qa5 Re8 31.Rxd3 Qxc4 32.Qd5 Qh4 33.Rd1 Qxh2 34.Qd4 h5 35.a4 h4
36.Qd6 Qxd6 37.Rxd6 Re3 38.Rd4 h3 39.Kf2  1/2-1/2

[Event "Vienna op"]
[Site "Vienna"]
[Date "1990.??.??"]
[Round "8"]
[White "Burgess, Graham"]
[Black "Simic, Radoslav"]
[Result "1-0"]
[WhiteElo "2335"]
[BlackElo "2505"]

1.d4 Nf6 2.c4 g6 3.Nc3 Bg7 4.e4 d6 5.Nf3 O-O 6.Be2 Nbd7 7.O-O e5 8.Re1 c6
9.Bf1 Re8 10.d5 c5 11.a3 h6 12.g3 Nh7 13.Rb1 Rf8 14.b4 Nhf6 15.Bd2 Ne8 16.Qc2 b6
17.Bh3 Ndf6 18.Bxc8 Qxc8 19.bxc5 Qxc5 20.Nb5 Qc8 21.Bb4 Qd8 22.a4 a6 23.Nc3 Nd7
24.a5 bxa5 25.Ba3 Rc8 26.Na4 f5 27.Nh4 Qf6 28.exf5 gxf5 29.Rb7 Rf7 30.Rxd7 Rxd7
31.Nb6 Rdc7 32.Nxc8 Rxc8 33.Nxf5 Bf8 34.Ne3 Rc7 35.Qa4 Rf7 36.Rf1 Ng7 37.Qxa5 h5
38.Qxa6 h4 39.Qc8 Qg6 40.Qg4 Qxg4 41.Nxg4 Nf5 42.Kg2 Ra7 43.Bc1 Ra2 44.Bg5 Kf7
45.Ne3 Kg6 46.Nxf5 Kxf5 47.gxh4 e4 48.Rb1 Bg7 49.Be3 Be5 50.Rb7 Ra8 51.Rf7+ Kg6
52.Re7 Rg8 53.Rxe5 dxe5 54.c5 Kf7+ 55.Kh3 Rc8 56.h5 Kf6 57.Kg4 Rg8+ 58.Kh4 Kf5
59.d6 Ke6 60.h6 Rg2 61.h3 Rg8 62.Kh5  1-0

[Event "Vienna op"]
[Site "Vienna"]
[Date "1990.??.??"]
[Round "8"]
[White "Petrosian, Karen"]
[Black "Schlosser, Michael"]
[Result "1/2-1/2"]
[WhiteElo "2305"]
[BlackElo "2360"]

1.d4 Nf6 2.Nf3 g6 3.c4 Bg7 4.Nc3 O-O 5.e4 d6 6.Be2 e5 7.d5 a5 8.O-O Nh5 9.g3 f5
10.Ng5 Nf6 11.c5 dxc5 12.Qb3 Kh8 13.f4 Qe7 14.fxe5 Qxe5 15.Bf4 Qd4+ 16.Kh1 fxe4
17.Nb5 Qxd5 18.Nxc7 Qxb3 19.axb3 h6 20.Bd6 hxg5 21.Nxa8 Re8 22.Nc7 Rd8 23.Be5 Rd2
24.Rxf6 Nd7 25.Rd6 Rxe2 26.Bc3 Kh7 27.Rf1 Bxc3 28.bxc3 Ne5 29.Rdf6 Nf3 30.R6xf3 exf3
31.Rxf3 Bh3 32.Kg1 Rg2+ 33.Kh1 Rb2 34.Kg1 Rg2+ 35.Kh1 Rb2 36.Kg1 Rxb3 37.Kf2 Rb2+
38.Ke3 a4 39.Ne8 Bg4 40.Nf6+ Kg7 41.Nxg4 a3 42.Rf1 a2 43.Ra1 b5 44.Ne5 Rxh2
45.Nd7 b4 46.Nxc5 bxc3 47.Ne4 Rg2 48.Kd3 c2 49.Ke3 g4 50.Kf4 Rh2 51.Ke3 Rg2
52.Kf4 Rh2 53.Ke3  1/2-1/2

[Event "Vienna op"]
[Site "Vienna"]
[Date "1990.??.??"]
[Round "9"]
[White "Roeder, Mathias"]
[Black "Burgess, Graham"]
[Result "1-0"]
[WhiteElo "2445"]
[BlackElo "2335"]

1.d4 Nf6 2.c4 g6 3.Nc3 Bg7 4.e4 d6 5.Be2 O-O 6.Nf3 e5 7.O-O exd4 8.Nxd4 Re8
9.f3 c6 10.Kh1 Nbd7 11.Bg5 Qb6 12.Nb3 a5 13.Na4 Qb4 14.Nc1 Nc5 15.Nxc5 Qxc5
16.Qd2 d5 17.cxd5 cxd5 18.Nd3 Qf8 19.e5 Nd7 20.f4 Nb6 21.Bf3 Bf5 22.Rad1 Nc4
23.Qf2 Be4 24.b3 Bxf3 25.Qxf3 Nb6 26.Qf2 Nd7 27.Qd4 f6 28.Qxd5+ Kh8 29.exf6 Nxf6
30.Bxf6 Qxf6 31.Ne5 Re7 32.a4 Qf5 33.Nc4 Qxd5 34.Rxd5 Rae8 35.h4 Bc3 36.Kh2 Be1
37.Kh3 h5 38.Rf3 Kh7 39.f5 Re4 40.fxg6+ Kh6 41.g3  1-0

[Event "Vladivostok op"]
[Site "Vladivostok"]
[Date "1990.??.??"]
[Round "?"]
[White "Anikaev, Yuri N"]
[Black "Isupov, Vladimir"]
[Result "1-0"]
[WhiteElo "2445"]
[BlackElo "2315"]

1.d4 Nf6 2.c4 g6 3.Nc3 Bg7 4.e4 d6 5.Be2 O-O 6.Nf3 e5 7.O-O Nbd7 8.Qc2 c6
9.Rd1 Qe7 10.Rb1 exd4 11.Nxd4 Nc5 12.f3 Nh5 13.g4 Nf6 14.Bf4 Nfd7 15.Qd2 Ne5
16.Bh6 Bxh6 17.Qxh6 Ne6 18.Qe3 Nxd4 19.Rxd4 Be6 20.Rbd1 Rad8 21.b3 a6 22.g5 f6
23.f4 Nf7 24.h4 Bc8 25.Qg3 Rde8 26.Bg4 Bxg4 27.Qxg4 Kg7 28.Kg2 fxg5 29.hxg5 h6
30.gxh6+ Nxh6 31.Qg3 Nf7 32.c5 Rd8 33.f5 Qf6 34.Qxg6+ Qxg6+ 35.fxg6 Kxg6
36.cxd6 Kf6 37.Na4 Ne5 38.Rf1+ Kg6 39.Rxf8 Rxf8 40.Nc5 b6 41.d7 bxc5 42.d8=Q Rxd8
43.Rxd8 c4 44.bxc4 Nxc4 45.Rc8 Ne5 46.Ra8 Kg5 47.Kg3  1-0

[Event "Vrnjacka Banja"]
[Site "Vrnjacka Banja"]
[Date "1990.??.??"]
[Round "3"]
[White "Kolev, Atanas"]
[Black "Kaminski, Uwe"]
[Result "1/2-1/2"]
[WhiteElo "2425"]
[BlackElo "2410"]

1.d4 Nf6 2.Nf3 g6 3.c4 Bg7 4.Nc3 O-O 5.e4 d6 6.Be2 e5 7.d5 a5 8.Bg5 h6 9.Bh4 Qe8
10.Nd2 Na6 11.O-O Bd7 12.b3 Nh7 13.a3 h5 14.f3 Bh6 15.Rb1 Be3+ 16.Bf2 Bc5
17.Bxc5 Nxc5 18.b4 axb4 19.axb4 Na4 20.Nxa4 Bxa4 21.Qc1 Bd7 22.c5 Qe7 23.Kh1 Nf6
24.Qc3 Ra2 25.Ra1 Rfa8 26.Rxa2 Rxa2 27.Bc4 Ra8 28.Bd3 h4 29.c6 bxc6 30.dxc6 Be6
31.Bc4 Nh5 32.Bxe6 fxe6 33.Rb1 Rb8 34.Nf1 Nf4 35.Rb2 Qg5 36.g3 hxg3 37.hxg3 Nh5
38.Rg2 Nf6 39.Kg1 d5 40.Qc5  1/2-1/2

[Event "Vrnjacka Banja"]
[Site "Vrnjacka Banja"]
[Date "1990.??.??"]
[Round "7"]
[White "Tosic, Miroslav"]
[Black "Ristic, Nenad"]
[Result "1/2-1/2"]
[WhiteElo "2375"]
[BlackElo "2415"]

1.d4 Nf6 2.c4 g6 3.Nc3 Bg7 4.e4 d6 5.Nf3 O-O 6.Be2 e5 7.O-O exd4 8.Nxd4 Re8
9.f3 c6 10.Nc2 Na6 11.Rf2 Nc7 12.Bf4 d5 13.exd5 cxd5 14.c5 d4 15.Nb5 Nxb5
16.Bxb5 Bd7 17.Nxd4 Ne4 18.fxe4 Rxe4 19.Rd2 Bxd4+ 20.Rxd4 Rxd4 21.Qxd4 Bxb5
22.Bd6 Bc6 23.Qf4 Qe8 24.Rf1 Qe6 25.h3 Re8 26.Rf2 Qxa2 27.Be5 Qb1+ 28.Kh2 Qf5
29.Qxf5 gxf5 30.Rxf5 Be4 31.Rg5+ Bg6 32.Bc3 h6 33.Rd5 Be4 34.Rd4 h5 35.Rd6 Kh7
36.Rf6 Re7 37.Kg3 Rd7 38.Kf2 Re7 39.g4 hxg4 40.hxg4 Rd7 41.Kg3 Rd3+ 42.Kf4 Bg6
43.Rd6 Kg8 44.Bd4 Kf8 45.b4 Ke7 46.g5 Bh7 47.b5 Bg6 48.Bf6+ Ke8 49.Ke5 Rxd6
50.Kxd6 Bd3 51.c6 bxc6 52.bxc6 Be4 53.c7 Bb7 54.Bc3 Bc8 55.Kc6 Ba6 56.Bd4 Bc8
57.Bxa7 Ba6 58.Bc5 Bc8 59.Kb6 Kd7 60.Bb4 Ke8  1/2-1/2

[Event "Vrnjacka Banja"]
[Site "Vrnjacka Banja"]
[Date "1990.??.??"]
[Round "8"]
[White "Sokolov, Ivan"]
[Black "Kaminski, Uwe"]
[Result "1-0"]
[WhiteElo "2550"]
[BlackElo "2410"]

1.d4 Nf6 2.c4 g6 3.Nc3 Bg7 4.e4 d6 5.Nf3 O-O 6.Be2 e5 7.Be3 Ng4 8.Bg5 f6
9.Bh4 Nc6 10.d5 Ne7 11.Nd2 Nh6 12.f3 g5 13.Bf2 f5 14.c5 Ng6 15.Nc4 Nf4 16.O-O Rf6
17.cxd6 cxd6 18.Nb5 b6 19.a4 Qf8 20.Ra3 Ba6 21.Rc3 fxe4 22.fxe4 Qf7 23.Rg3 Qg6
24.Bf3 Raf8 25.Ne3 Kh8 26.Be1 g4 27.Nxg4 Nxg4 28.Rxg4 Qxg4 29.Bxg4 Nh3+ 30.gxh3 Rxf1+
31.Kg2  1-0

[Event "Vrnjacka Banja"]
[Site "Vrnjacka Banja"]
[Date "1990.??.??"]
[Round "10"]
[White "Timoshenko, Georgy"]
[Black "Kaminski, Uwe"]
[Result "1/2-1/2"]
[WhiteElo "2540"]
[BlackElo "2410"]

1.d4 Nf6 2.c4 g6 3.Nc3 Bg7 4.e4 d6 5.Nf3 O-O 6.Be2 e5 7.Be3 h6 8.O-O Ng4
9.Bc1 Nc6 10.d5 Ne7 11.Ne1 f5 12.Bxg4 fxg4 13.Nc2 g5 14.Ne3 Rf4 15.Bd2 Bd7
16.Rc1 Qe8 17.b4 Qf7 18.Nb5 Rxe4 19.Nxc7 Rc8 20.Nb5 Bxb5 21.cxb5 Rxc1 22.Qxc1 Rd4
23.Bc3 Rf4 24.Qd2 Nf5 25.Nxf5 Qxf5 26.a4 Rc4  1/2-1/2

[Event "Vrnjacka Banja"]
[Site "Vrnjacka Banja"]
[Date "1990.??.??"]
[Round "14"]
[White "Cvetkovic, Srdjan"]
[Black "Kaminski, Uwe"]
[Result "1-0"]
[WhiteElo "2435"]
[BlackElo "2410"]

1.c4 g6 2.e4 Bg7 3.d4 d6 4.Nc3 Nf6 5.Nf3 O-O 6.Be2 e5 7.dxe5 dxe5 8.Qxd8 Rxd8
9.Bg5 Re8 10.Nd5 Nxd5 11.cxd5 c6 12.Bc4 cxd5 13.Bxd5 Nc6 14.O-O-O Nb4 15.Bb3 Be6
16.Bxe6 Rxe6 17.Kb1 h6 18.Be3 Nc6 19.Rd7 Re7 20.Rxe7 Nxe7 21.Rd1 Nc6 22.Rd7 b6
23.a3 Rc8 24.b4 b5 25.Rb7 a6 26.Rb6 Nb8 27.Nd2 Bf8 28.Kb2 Be7 29.Bxh6 Bd8
30.Rb7 Nc6 31.Be3 Nd4 32.Nb3 Bf6 33.Nc5 Be7  1-0

[Event "Vrnjacka Banja"]
[Site "Vrnjacka Banja"]
[Date "1990.??.??"]
[Round "15"]
[White "Timoshenko, Georgy"]
[Black "Ristic, Nenad"]
[Result "0-1"]
[WhiteElo "2540"]
[BlackElo "2415"]

1.d4 Nf6 2.c4 g6 3.Nc3 Bg7 4.e4 d6 5.Nf3 O-O 6.Be2 e5 7.O-O exd4 8.Nxd4 Re8
9.f3 c6 10.Kh1 Nh5 11.Be3 Qh4 12.Bf2 Qe7 13.Re1 Na6 14.Qd2 Be5 15.Rad1 Nc5
16.Bf1 a5 17.g3 a4 18.Bg2 a3 19.b3 Qc7 20.f4 Bg7 21.h3 Qa5 22.Rb1 Qc7 23.b4 Na4
24.Nxa4 Rxa4 25.Qd1 Ra8 26.Rb3 Bd7 27.Qd3 c5 28.bxc5 dxc5 29.Nb5 Bxb5 30.Rxb5 Bd4
31.Bxd4 Rad8 32.Qb3 Rxd4 33.e5 Red8 34.Rxb7 Qa5 35.Re3 Ng7 36.Qc3 Qa4 37.Bd5 Nf5
38.Rd3 Rd7 39.Rb8+ Kg7 40.Rxd4 cxd4 41.Qd3 Qa5 42.Rb1 Rxd5 43.cxd5 Qxd5+
44.Kg1 Qxa2 45.e6 Qxe6 46.Qxa3 Qe4 47.Rf1 Ne3 48.Rf2 h5 49.Qd6 Nc4 50.Qb4 d3
51.Qc3+ Kh7 52.Kh2 h4 53.gxh4 d2 54.Qf6 Qd5 55.f5 gxf5 56.Rxf5 d1=Q 57.Rxd5 Qxd5
58.Kg1 Qd1+ 59.Kf2 Qd2+ 60.Kf3 Qd3+ 61.Kf2 Nd6 62.Ke1 Qe3+ 63.Kf1 Qxh3+  0-1

[Event "Warsaw Legion op"]
[Site "Warsaw"]
[Date "1990.??.??"]
[Round "?"]
[White "Hutters, Tomas"]
[Black "Itkis, Boris"]
[Result "0-1"]
[WhiteElo "2260"]
[BlackElo "2310"]

1.Nf3 g6 2.c4 Bg7 3.Nc3 Nf6 4.e4 d6 5.d4 O-O 6.Be2 Nbd7 7.O-O e5 8.Re1 Re8
9.Bf1 a6 10.d5 a5 11.Na4 b6 12.Bd2 Nc5 13.Nxc5 bxc5 14.a4 Bd7 15.Bc3 Qb8
16.Nd2 Bh6 17.Nb3 Qb6 18.Ra3 Reb8 19.Re2 Ra7 20.Qe1 Rba8 21.Nc1 Nh5 22.Nd3 Rf8
23.g3 c6 24.dxc6 Bxc6 25.Bg2 f5 26.exf5 Bxg2 27.Kxg2 gxf5 28.f4 Rg7 29.fxe5 f4
30.Rf2 Qc6+ 31.Kg1 Rf5 32.Rg2 fxg3 33.hxg3 Rf3 34.g4 Rxd3  0-1

[Event "Warsaw Legion op"]
[Site "Warsaw"]
[Date "1990.??.??"]
[Round "?"]
[White "Drzemicki, Dariusz"]
[Black "Rotstein, Arkadij"]
[Result "0-1"]
[WhiteElo "2290"]
[BlackElo "2345"]

1.d4 Nf6 2.c4 g6 3.Nc3 Bg7 4.e4 d6 5.Nf3 O-O 6.Be2 e5 7.dxe5 dxe5 8.Qxd8 Rxd8
9.Bg5 Na6 10.Nd5 Rd6 11.Nd2 c6 12.Ne7+ Kf8 13.Nxc8 Rxc8 14.O-O-O Nc5 15.Be3 Ne6
16.f3 c5 17.Nb3 Ke7 18.Kb1 b6 19.Rhe1 Rxd1+ 20.Rxd1 Ng8 21.Bf1 Bh6 22.Bf2 Rd8
23.Rd5 Nf6 24.Rxd8 Kxd8 25.Kc2 Kc7 26.Kc3 Kd6 27.Na1 Nd7 28.Nc2 Nb8 29.a3 a5
30.Kb3 Nc6 31.Ka4 Bf4 32.h3 Bd2 33.Ne1 Ncd4 34.Nd3 f6 35.b4 g5 36.bxa5 Bxa5
37.Nb4 Bxb4 38.axb4 h5 39.h4 Nf4 40.Bxd4 exd4 41.g3 Ng6 42.hxg5 fxg5 43.Kb5 h4
44.gxh4 gxh4 45.Kxb6 cxb4 46.f4 Nxf4 47.c5+ Ke5 48.c6 Ng6 49.Kc7 Ne7  0-1

[Event "Warsaw"]
[Site "Warsaw"]
[Date "1990.??.??"]
[Round "11"]
[White "Hansen, Lars Bo"]
[Black "Epishin, Vladimir"]
[Result "1/2-1/2"]
[WhiteElo "2460"]
[BlackElo "2550"]

1.Nf3 Nf6 2.c4 g6 3.Nc3 Bg7 4.e4 d6 5.d4 O-O 6.Be2 e5 7.O-O exd4 8.Nxd4 Re8
9.f3 c6 10.Kh1 Na6 11.Nc2 Nc7 12.Be3 d5 13.exd5 cxd5 14.c5 Nh5 15.Qd2 d4
16.Bxd4 Bf5 17.Ne4 Ne6 18.Rad1 Nxd4 19.Nxd4 Qh4 20.Qe1 Qf4 21.g3 Qe3 22.Rd3 Qh6
23.Nxf5 gxf5 24.Rd6 Qe3 25.Rd3 Qh6 26.Rd6 Qe3 27.Rd3 Qh6 28.Rd6  1/2-1/2

[Event "Werfen op"]
[Site "Werfen"]
[Date "1990.??.??"]
[Round "3"]
[White "Zlatilov, Ivailo"]
[Black "Glek, Igor V"]
[Result "0-1"]
[WhiteElo "2370"]
[BlackElo "2535"]

1.Nf3 Nf6 2.d4 g6 3.c4 Bg7 4.Nc3 O-O 5.e4 d6 6.Be2 e5 7.O-O Na6 8.Be3 Ng4
9.Bg5 Qe8 10.dxe5 dxe5 11.h3 h6 12.Bh4 Nf6 13.Nd5 Nxe4 14.Be7 c6 15.Bxf8 Qxf8
16.Ne3 Nac5 17.Qc2 g5 18.b3 f5 19.Rad1 h5 20.Rfe1 Be6 21.Nf1 Na6 22.Qb2 Nxf2
23.Kxf2 Qc5+ 24.Kg3 e4 25.Qb1 exf3 26.gxf3 Qg1+  0-1

[Event "Hoogovens-B"]
[Site "Wijk aan Zee"]
[Date "1990.??.??"]
[Round "1"]
[White "Brenninkmeijer, Joris"]
[Black "De Jong, Tom"]
[Result "1-0"]
[WhiteElo "2475"]
[BlackElo "2350"]

1.d4 Nf6 2.c4 g6 3.Nc3 Bg7 4.e4 O-O 5.Nf3 d6 6.Be2 e5 7.Be3 exd4 8.Nxd4 Re8
9.f3 c6 10.Nc2 d5 11.cxd5 cxd5 12.Bb5 Bd7 13.Bxd7 Nbxd7 14.Nxd5 Nxd5 15.Qxd5 Bxb2
16.Rb1 Qc7 17.O-O Qxc2 18.Qxd7 b6 19.Qd1 Qc3 20.Qe2 Ba3 21.Rb3 Qa5 22.Qe1 Qa4
23.Rd3 Bf8 24.Qb1 Rad8 25.Qd1 Qxd1 26.Rfxd1 Rxd3 27.Rxd3 Rc8 28.Rd7 Rc3 29.Kf2 Rc2+
30.Kg3 Rxa2 31.Rd8 Kg7 32.Bd4+ f6 33.Rd7+ Kg8 34.Bxf6 b5 35.Rb7 b4 36.f4 a5
37.e5 Re2 38.Kf3 Re1 39.Kf2 Re4 40.Kf3 Re1 41.g4 a4 42.f5 gxf5 43.gxf5 a3
44.e6 a2 45.Rb8 Rf1+ 46.Kg4 Re1 47.Bb2 Re2 48.Kf3 Re1 49.Re8 h6 50.f6 Kh7
51.e7  1-0

[Event "Hoogovens-B"]
[Site "Wijk aan Zee"]
[Date "1990.??.??"]
[Round "3"]
[White "Damljanovic, Branko"]
[Black "Fedorowicz, John P"]
[Result "0-1"]
[WhiteElo "2535"]
[BlackElo "2560"]

1.Nf3 Nf6 2.c4 g6 3.Nc3 Bg7 4.e4 d6 5.d4 O-O 6.Be2 e5 7.d5 a5 8.Bg5 h6 9.Bh4 Na6
10.Nd2 Qe8 11.a3 Bd7 12.b3 Nh7 13.Rb1 h5 14.f3 Bh6 15.Bf2 Qe7 16.h4 Nc5 17.Qc2 f5
18.b4 axb4 19.axb4 Na4 20.Nb5 c6 21.dxc6 bxc6 22.Nc7 Rac8 23.Na6 c5 24.bxc5 dxc5  0-1

[Event "Hoogovens-B"]
[Site "Wijk aan Zee"]
[Date "1990.??.??"]
[Round "5"]
[White "Brenninkmeijer, Joris"]
[Black "Van Wely, Loek"]
[Result "1-0"]
[WhiteElo "2475"]
[BlackElo "2445"]

1.d4 Nf6 2.c4 g6 3.Nc3 Bg7 4.e4 d6 5.Nf3 O-O 6.Be2 e5 7.Be3 Ng4 8.Bg5 f6
9.Bh4 Nc6 10.d5 Ne7 11.Nd2 f5 12.Bxg4 fxg4 13.Bg5 h6 14.Be3 b6 15.O-O g5
16.b4 Ng6 17.c5 Nh4 18.Nc4 Rf4 19.Rc1 Bf8 20.a4 Rb8 21.Nb5 Rxe4 22.Nxa7 Qe8
23.Nxc8 Rxc8 24.Qd3 Qg6 25.cxd6 cxd6 26.Nxe5 dxe5 27.Rxc8 Qf5 28.d6 Nf3+
29.gxf3 gxf3 30.Kh1 Qh3 31.Rg1 Rh4 32.Qg6+  1-0

[Event "Hoogovens"]
[Site "Wijk aan Zee"]
[Date "1990.??.??"]
[Round "12"]
[White "Kortschnoj, Viktor"]
[Black "Nijboer, Friso"]
[Result "0-1"]
[WhiteElo "2625"]
[BlackElo "2485"]

1.Nf3 Nf6 2.c4 g6 3.Nc3 Bg7 4.e4 d6 5.d4 O-O 6.Be2 e5 7.Be3 Ng4 8.Bg5 f6
9.Bc1 Nc6 10.d5 Ne7 11.h3 Nh6 12.b4 a5 13.bxa5 Rxa5 14.Nd2 f5 15.Nb3 Ra8
16.g4 fxe4 17.Nxe4 Nf7 18.h4 c6 19.g5 Bf5 20.f3 Kh8 21.a4 b5 22.cxb5 cxd5
23.Nf6 d4 24.Bd3 Bxf6 25.gxf6 Nd5 26.Bg5 Qd7 27.Qd2 Nc3 28.O-O Nxa4 29.Kh2 Bxd3
30.Qxd3 Nc3 31.b6 Nd5 32.Rxa8 Rxa8 33.Nd2 Nxg5 34.hxg5 Nf4  0-1

[Event "Xanthi"]
[Site "Xanthi"]
[Date "1990.??.??"]
[Round "5"]
[White "Skembris, Spyridon"]
[Black "Georgiev, Krum"]
[Result "1/2-1/2"]
[WhiteElo "2470"]
[BlackElo "2455"]

1.d4 Nf6 2.c4 g6 3.Nc3 Bg7 4.e4 d6 5.Nf3 O-O 6.Be2 e5 7.dxe5 dxe5 8.Qxd8 Rxd8
9.Bg5 Re8 10.Nd5 Nxd5 11.cxd5 c6 12.Bc4 cxd5 13.Bxd5 Na6 14.O-O Nc7 15.Bb3 Be6
16.Bxe6 Nxe6 17.Be3 Red8 18.Rfd1 a6 19.Bb6 Rxd1+ 20.Rxd1 Rc8 21.Kf1 Rc2 22.Rd2 Rxd2
23.Nxd2  1/2-1/2

[Event "Xanthi"]
[Site "Xanthi"]
[Date "1990.??.??"]
[Round "9"]
[White "Skembris, Spyridon"]
[Black "Strikovic, Aleksa"]
[Result "1-0"]
[WhiteElo "2470"]
[BlackElo "2465"]

1.d4 Nf6 2.c4 g6 3.Nc3 Bg7 4.e4 d6 5.Nf3 O-O 6.Be2 e5 7.O-O Nbd7 8.Rb1 exd4
9.Nxd4 Re8 10.f3 c6 11.Nc2 Nb6 12.Bg5 h6 13.Bh4 Be6 14.b3 g5 15.Bf2 Ng4 16.Bd4 Ne5
17.Qd2 f5 18.Rbd1 f4 19.Bf2 Qf6 20.Nd4 Rad8 21.Nxe6 Qxe6 22.Nb1 Kh8 23.Na3 Nc8
24.Nc2 Qf6 25.Qa5 a6 26.Rd2 c5 27.Qa3 h5 28.h3 Ne7 29.Rfd1 g4 30.Bxc5 gxh3
31.Ne1 N7g6 32.Bf2 Qg5 33.Rxd6 Rxd6 34.Qxd6 hxg2 35.Nd3 Nxd3 36.Rxd3 Ne5
37.Rd5 Qg6 38.Qxg6 Nxg6 39.Rxh5+ Kg8 40.Rd5 Ne5 41.Kxg2  1-0

[Event "Yaroslavl"]
[Site "Yaroslavl"]
[Date "1990.??.??"]
[Round "?"]
[White "Anikaev, Yuri N"]
[Black "Reschke, Stefan"]
[Result "1-0"]
[WhiteElo "2445"]
[BlackElo "2285"]

1.d4 Nf6 2.c4 g6 3.Nc3 Bg7 4.e4 d6 5.Be2 O-O 6.Nf3 e5 7.O-O Na6 8.Be3 Ng4
9.Bg5 Qe8 10.dxe5 dxe5 11.Nd2 Bf6 12.h4 h6 13.Bxg4 hxg5 14.h5 Bxg4 15.Qxg4 gxh5
16.Qxh5 Kg7 17.Nf3 Rh8 18.Qg4 Qe6 19.Qxe6 fxe6 20.g3 Nb4 21.Rfd1 Rhd8 22.Kf1 Nc2
23.Rxd8 Rxd8 24.Rd1 Nd4 25.Ne1 c6 26.Ne2 Rh8 27.Nxd4 exd4 28.Kg2 g4 29.Nd3 e5
30.Rh1 Rxh1 31.Kxh1 Kg6 32.Kg2 Kg5 33.Kf1 Kg6 34.Nc5 b5 35.cxb5 cxb5 36.Ne6 Be7
37.Nc7 b4 38.Na6 Kf7 39.Ke2 Ke6 40.Kd3 Kd7 41.Kc4 Kc6 42.Nxb4+ Bxb4 43.Kxb4 a5+
44.Kc4 Kb6 45.a3 Kc6 46.b3 Kb6 47.Kd3 Kc5 48.Ke2 Kb5 49.f3 gxf3+ 50.Kxf3  1-0

[Event "Yaroslavl"]
[Site "Yaroslavl"]
[Date "1990.??.??"]
[Round "?"]
[White "Yuferov, Sergey  N"]
[Black "Vasiukov, Evgeni"]
[Result "1/2-1/2"]
[WhiteElo "2400"]
[BlackElo "2540"]

1.d4 Nf6 2.c4 g6 3.Nc3 Bg7 4.e4 d6 5.Be2 O-O 6.Nf3 e5 7.dxe5 dxe5 8.Qxd8 Rxd8
9.Bg5 Nbd7 10.Nd5 c6 11.Ne7+ Kf8 12.Nxc8 Raxc8 13.Nd2  1/2-1/2

[Event "EU-ch U20"]
[Site "Aalborg"]
[Date "1991.??.??"]
[Round "?"]
[White "Petersen, Soren Boeck"]
[Black "Dannevig, Oystein"]
[Result "0-1"]
[WhiteElo "2295"]
[BlackElo "2270"]

1.d4 Nf6 2.Nf3 g6 3.c4 Bg7 4.Nc3 O-O 5.e4 d6 6.Be2 e5 7.dxe5 dxe5 8.Qxd8 Rxd8
9.Bg5 Na6 10.Nd5 Nxd5 11.cxd5 f6 12.Bxa6 bxa6 13.Be3 f5 14.Rd1 Rb8 15.b3 Rb5
16.Ng5 fxe4 17.Ne6 Bxe6 18.dxe6 Rxd1+ 19.Kxd1 Bf8 20.Ke2 Kg7 21.Rc1 Bd6 22.Bg5 Rc5
23.Rxc5 Bxc5 24.b4 Bd4 25.Be7 c6 26.g4 a5 27.a3 a4 28.g5 a6 29.Bc5 Bb2 30.b5 cxb5
31.Bb4 Bd4 32.h4 Kg8 33.Ke1 Bb6 34.Ke2 a5 35.Bc3 Kf8 36.Bxe5 Ke7 37.f3  0-1

[Event "EU-ch U20"]
[Site "Aalborg"]
[Date "1991.??.??"]
[Round "?"]
[White "Dannevig, Oystein"]
[Black "Pedzich, Dominik"]
[Result "0-1"]
[WhiteElo "2270"]
[BlackElo "2400"]

1.d4 Nf6 2.c4 g6 3.Nc3 Bg7 4.e4 d6 5.Nf3 O-O 6.Be2 e5 7.Be3 Ng4 8.Bg5 f6
9.Bh4 Nc6 10.d5 Ne7 11.Nd2 f5 12.Bxg4 fxg4 13.Bg5 Rf7 14.O-O h6 15.Be3 Kh7
16.c5 Ng8 17.cxd6 cxd6 18.Nc4 Nf6 19.Qc2 b5 20.Nd2 b4 21.Na4 Rc7 22.Qb3 Rb8
23.a3 g3 24.hxg3 Ng4 25.axb4 h5 26.Nf3 Nxe3 27.fxe3 Rcb7 28.Qc2 Rxb4 29.Ra3 Bd7
30.b3 Bh6 31.Re1 Qa5 32.Qc3 Rc8 33.Qd2 Qb5 34.Nc3 Qb6 35.Nd1 Rxb3 36.Ra2 Bb5
37.Kh2 a6 38.Qf2 Qa7 39.Rc2 Qd7 40.Rxc8 Qxc8 41.Nd2 Ra3 42.Qf7+ Bg7 43.Nf3 Qd8
44.Nf2 Rc3 45.Nh3 Rc7 46.Nfg5+ Kh6 47.Ra1 Bf6 48.Rc1 Rd7 49.Rc8 Bxg5 50.Rxd8 Rxf7
51.Rh8+ Rh7 52.Rxh7+ Kxh7 53.Nxg5+ Kg8 54.Nf3 a5  0-1

[Event "Aarhus op"]
[Site "Aarhus"]
[Date "1991.??.??"]
[Round "5"]
[White "Jakobsen, Peter"]
[Black "Dobos, Jozsef"]
[Result "0-1"]
[WhiteElo "2330"]
[BlackElo "2385"]

1.Nf3 Nf6 2.c4 g6 3.Nc3 Bg7 4.e4 d6 5.d4 O-O 6.Be2 Nbd7 7.O-O e5 8.Re1 c6
9.Bf1 Qe7 10.b3 exd4 11.Nxd4 Ng4 12.Qxg4 Bxd4 13.Qg3 Be5 14.f4 Bd4+ 15.Kh1 Nf6
16.Bb2 Nh5 17.Qf3 Bg7 18.g3 Nf6 19.h3 Ne8 20.Rad1 g5 21.Bg2 gxf4 22.gxf4 Qh4
23.Na4 Bxb2 24.Nxb2 f6 25.Rf1 Be6 26.Nd3 Kh8 27.f5 Bf7 28.Qe3 Rg8 29.Kh2 Ng7
30.Nf4 Ne8 31.Rd2 b6 32.a4 Rb8 33.a5 c5 34.axb6 Rxb6 35.Ra2 a6 36.Ra3 Nc7
37.Qc3 Rg7 38.Rf3 Rb8 39.Qd2 Rbg8 40.Ra2 Bh5 41.Rf2 Ne8 42.Rxa6 Rg3 43.Nxh5 Qxh5
44.Ra1 Rxb3 45.Rg1 Rgg3 46.Kh1 Rbe3 47.Qd1 Rxh3+ 48.Bxh3 Rxh3+ 49.Kg2 Rh2+  0-1

[Event "Acasusso op"]
[Site "Acasusso"]
[Date "1991.??.??"]
[Round "1"]
[White "Markeluk, Sergio"]
[Black "Del Rey, Diego"]
[Result "1/2-1/2"]
[WhiteElo "2375"]
[BlackElo "2225"]

1.d4 Nf6 2.c4 g6 3.Nc3 Bg7 4.e4 d6 5.Nf3 O-O 6.Be2 e5 7.O-O Na6 8.Re1 Qe8
9.dxe5 dxe5 10.b3 Qe7 11.Nd5 Qd6 12.Nxf6+ Qxf6 13.h3 Nc5 14.Qd5 Ne6 15.Bb2 c6
16.Qd6 Rd8 17.Bxe5  1/2-1/2

[Event "Acasusso op"]
[Site "Acasusso"]
[Date "1991.??.??"]
[Round "3"]
[White "Devcic, Marcos"]
[Black "Del Rey, Diego"]
[Result "1-0"]
[WhiteElo "2365"]
[BlackElo "2225"]

1.d4 Nf6 2.c4 g6 3.Nc3 Bg7 4.Nf3 O-O 5.e4 d6 6.Be2 e5 7.O-O Na6 8.Re1 Qe8
9.dxe5 dxe5 10.h3 c6 11.Bf1 Qe7 12.Be3 Nc5 13.Qc2 a5 14.Rad1 Nfd7 15.Rd2 Ne6
16.Na4 f5 17.Red1 Ndc5 18.exf5 gxf5 19.Nxc5 Nxc5 20.Rd6 Ne4 21.c5 Nxd6 22.cxd6 Qe8
23.Bc5 Bf6 24.Qb3+ Be6 25.d7 Qf7 26.Qxb7 Bd5 27.Bxf8 Rxf8 28.Qc7 Qg7 29.Nd2 Bd8
30.Qc8 Bf6 31.Nc4 Bd8 32.Ne3 Qf7 33.b3 Kh8 34.Nxd5 cxd5 35.Qc5 d4 36.Qxe5+ Qf6
37.Qxd4 Qxd4 38.Rxd4 Kg7 39.Be2 Kf6 40.Bh5 Rg8 41.Rc4 Rg7 42.Rc6+ Ke7 43.Be8 Rg8
44.Kf1 Rg5 45.Rh6 Rg7 46.a3 Bc7 47.b4 axb4 48.axb4 Bf4 49.Rc6  1-0

[Event "Acasusso op"]
[Site "Acasusso"]
[Date "1991.??.??"]
[Round "4"]
[White "Restifa, Hector"]
[Black "Marcussi, Bartolome"]
[Result "0-1"]
[WhiteElo "2325"]
[BlackElo "2225"]

1.d4 Nf6 2.c4 g6 3.Nc3 Bg7 4.e4 d6 5.Nf3 O-O 6.Be2 e5 7.d5 h6 8.O-O a5 9.Ne1 Na6
10.Nd3 b6 11.Be3 Nc5 12.Nxc5 bxc5 13.Qd2 Kh7 14.Rab1 Qe7 15.a3 a4 16.b4 axb3
17.Rxb3 Ng8 18.a4 f5 19.f3 fxe4 20.fxe4 Rxf1+ 21.Bxf1 Nf6 22.Be2 Bd7 23.Ra3 Qe8
24.a5 Qb8 25.Qa2 h5 26.Bd3 Qb4 27.Bd2 Bh6 28.Nb1 Bxd2 29.Qxd2 Rb8 30.Ra2 Qxb1+
31.Bxb1 Rxb1+  0-1

[Event "Aix les Bains"]
[Site "Aix les Bains"]
[Date "1991.??.??"]
[Round "6"]
[White "Chabanon, Jean Luc"]
[Black "Ziembinski, Marian"]
[Result "1-0"]
[WhiteElo "2480"]
[BlackElo "2220"]

1.d4 Nf6 2.c4 d6 3.Nc3 e5 4.Nf3 Nbd7 5.e4 g6 6.Be2 Bg7 7.O-O O-O 8.Re1 c6
9.Rb1 exd4 10.Nxd4 Nc5 11.f3 a5 12.Be3 Re8 13.Nc2 Qc7 14.Qd2 Bf8 15.b3 Be6
16.Nd4 Rad8 17.a3 Bc8 18.b4 axb4 19.axb4 Ncd7 20.Bf2 Nb6 21.Qf4 Nbd7 22.Qc1 Ne5
23.h3 Be6 24.Nxe6 fxe6 25.f4 Ned7 26.Bf3 Bh6 27.g4 Bg7 28.c5 dxc5 29.bxc5 Bf8
30.e5 Nd5 31.Ne4 Ra8 32.Nd6 Reb8 33.f5  1-0

[Event "Anapa"]
[Site "Anapa"]
[Date "1991.??.??"]
[Round "?"]
[White "Doroshkievich, Vladimir K"]
[Black "Skalik, Przemyslaw"]
[Result "1/2-1/2"]
[WhiteElo "2350"]
[BlackElo "2400"]

1.d4 Nf6 2.c4 g6 3.Nc3 Bg7 4.e4 d6 5.Be2 O-O 6.Nf3 e5 7.d5 a5 8.Be3 Na6 9.Nd2 h5
10.h3 Bd7 11.g4 hxg4 12.hxg4 Nh7 13.Rg1 c6 14.g5 Nc5 15.Nb3 cxd5 16.Nxc5 d4
17.Nxd7 Qxd7 18.Bd2 dxc3 19.Bxc3 Qc6 20.Qd3 Rfe8 21.Rd1 Nf8 22.Qd5 Qa4 23.Qxb7 Qxa2
24.Rxd6 Ne6 25.Qd5  1/2-1/2

[Event "Anapa"]
[Site "Anapa"]
[Date "1991.??.??"]
[Round "?"]
[White "Poluljahov, Aleksandr"]
[Black "Rechel, Bernd"]
[Result "0-1"]
[WhiteElo "2380"]
[BlackElo "2370"]

1.d4 Nf6 2.c4 g6 3.Nc3 Bg7 4.e4 d6 5.Nf3 O-O 6.Be2 e5 7.Be3 h6 8.O-O Ng4
9.Bc1 Nc6 10.d5 Ne7 11.Ne1 h5 12.f3 Nh6 13.Nd3 f5 14.f4 Nf7 15.fxe5 Nxe5
16.Nxe5 Bxe5 17.Bh6 Rf7 18.Qd2 fxe4 19.Qg5 Bf5 20.h3 Bf6 21.Qe3 Qd7 22.Nxe4 Bxe4
23.Qxe4 Nf5 24.Bf4 Re8 25.Qc2 Bd4+ 26.Kh1 Be5 27.Qd3 Bxf4 28.Rxf4 Re3  0-1